000 00511cam a2200193ua 4500
020 _a0-07-462043-6
_cRs 96.00
041 _aeng
_h
082 _a631.4
_bBIS/TE
100 _aBiswas , T D .
245 _aText book of soil science /
_cT D Biswas.
_hTextual Documents
250 _a2 /
_b.
260 _aNew Delhi :
_bTata Mc-Graw Hill Publishing Company ,
_c1995.
300 _a433 ; .
365 _aRs 96.00
504 _a
700 1 _aMukherjee, S K .
942 _cBK
999 _c1409
_d1409